00330nam a2200145Ia 4500008004100000041000800041082001500049100001600064245002500080250000900105260003000114300000800144365001600152700001600168230718s9999 xx 000 0 und d aeng a006.6bSHA aSharma R.K. aCisco Security Bible a1 st c2002bIDG books India (P) a780 cRs.b429.00 aSharma R.K.